000 00445nas a2200181 a 4500
001 70290
003 144262
005 20201118110759.0
008 ||||||n9999 ||| || ||
041 _aspa
245 0 _aDireccion ejecutiva - Vol.16 No.184
260 _aBogotá :
_bLegis,
_c1984.
562 _e1
650 _aINNOVACIONES ADMINISTRATIVAS
650 _aPERSONALIDAD
773 _021506
_aDireccion ejecutiva :
942 _cSISS
999 _c70290
_d70290